Matematika (krok za krokom na EU)
Saved in:
| Main Author: | |
|---|---|
| Corporate Author: | |
| Other Authors: | , , , |
| Format: | Book |
| Language: | Slovak |
| Published: |
Bratislava
Vydavateľstvo EKONÓM
2012
|
| Edition: | [rozšír. a uprav. vyd.] |
| Subjects: | |
| Tags: |
No Tags, Be the first to tag this record!
|
MARC
| LEADER | 00000nam$a2200000$$$4500 | ||
|---|---|---|---|
| 001 | 0152701 | ||
| 005 | 20240502072723.4 | ||
| 020 | |a 978-80-225-3407-9 | ||
| 041 | 0 | |a slo | |
| 044 | |a SK | ||
| 245 | 1 | 0 | |a Matematika (krok za krokom na EU) |c František Peller, Anna Starečková, Ľudovít Pinda |
| 250 | |a [rozšír. a uprav. vyd.] | ||
| 264 | 1 | |a Bratislava |b Vydavateľstvo EKONÓM |c 2012 | |
| 300 | |a 357 s. [19,094 AH] | ||
| 610 | 2 | 0 | |a matematika |
| 610 | 2 | 0 | |a testy |
| 610 | 2 | 0 | |a skúšky prijímacie |
| 610 | 2 | 0 | |a univerzity |
| 100 | 1 | |a Peller, František | |
| 700 | 1 | |a Starečková, Anna | |
| 700 | 1 | |a Pinda, Ľudovít, 1958- | |
| 700 | 1 | |a Sakálová, Katarína, 1955- | |
| 700 | 1 | |a Györffy, Ladislav | |
| 710 | 2 | |a Ekonomická univerzita v Bratislave | |